000 00435nam a2200169Ia 4500
999 _c30476
_d30476
003 OSt
005 20250521110108.0
008 250310s9999||||xx |||||||||||||| ||und||
040 _c.
082 _a823.912
_bH6157
100 _94842
_aHeyer, Georgette
245 0 _aThe Spanish Bride /
_cGeorgette Heyer
260 _aLondon :
_bWilliam Heinemann ltd,
_c1940.
300 _a378 p.
650 0 _92474
_aEnglish fiction
942 _cBK
_2ddc